00509nam a2200157 a 4500008004100000050001500041100001800056245008200074260004000156350000900196490003300205650001100238650002600249650003900275650003700314080407s1998 ||||||||||||||||| || u aIBRD(08)DP aLovei, Laszlo10aEnergy in Europe and Central Asia: a sector strategy for the World Bank Group aWashington, D. C.bWorld Bankc1998 a0.00 aWorld Bank Discussion Papers aENERGY 7aENERGY POLICY2unbist aENERGY INDUSTRIES--EUROPE, EASTERN aENERGY INDUSTRIES--ASIA, CENTRAL